Σχήματα Χωρών από Μ - Statistics

General Stats
  • This quiz has been taken 6 times
  • The average score is 13 of 27
Answer Stats
Picture Answer % Correct
Μαδαγασκάρη
83%
Μάλι
83%
Μεξικό
83%
Μαλαισία
67%
Μιανμάρ
67%
Μογγολία
67%
Μπενίν
67%
Μαλάουι
50%
Μαλδίβες
50%
Μαρόκο
50%
Μαυριτανία
50%
Μοζαμβίκη
50%
Μπανγκλαντές
50%
Μπουτάν
50%
Μπρουνέι
50%
Μάλτα
33%
Μαυρίκιος
33%
Μαυροβούνιο
33%
Μολδαβία
33%
Μονακό
33%
Μπαρμπάντος
33%
Μπαχάμες
33%
Μπαχρέιν
33%
Μπελίζ
33%
Μποτσουάνα
33%
Μπουρκίνα Φάσο
33%
Μπουρούντι
33%
No matching quizzes found
Score Distribution
Percent of People with Each Score
Percentile by Number Answered
Your Score History
You have not taken this quiz